00482cam a2200181 a 4500001000800000005001700008008004100025010001700066020002500083040001800108041000800126080001300134082001700147100000600164101000800170245009700178246002500275348524620180207044713.0940112s1994 nyua 001 0 eng  a 94002116  a0679412905 :c$35.00 aDLCcDLCdDLC aeng a616 JAM00a616 JAM220 a3 aSHM04aThe American Medical Association family medical guide /cmedical editor, Charles B. Clayman.30aFamily medical guide